First 20 elements of the Periodic table in 30 seconds - Statistics

General Stats
  • This quiz has been taken 2,533 times
    2,523 since last reset
  • The average score is 10 of 20
Answer Stats
Number Element % Correct
1 Hydrogen
98%
2 Helium
94%
3 Lithium
84%
6 Carbon
79%
5 Boron
75%
8 Oxygen
75%
7 Nitrogen
72%
4 Beryllium
69%
10 Neon
57%
9 Fluorine
47%
11 Sodium
46%
12 Magnesium
36%
14 Silicon
23%
13 Aluminium
22%
19 Potassium
22%
20 Calcium
21%
16 Sulphur
21%
18 Argon
20%
15 Phosphorus
19%
17 Chlorine
17%
No matching quizzes found
Score Distribution
Percent of People with Each Score
Percentile by Number Answered
Your Score History
You have not taken this quiz since the last reset